[Event "DEM U14 2023"]
[Site "Willingen GER"]
[Date "2023.05.31"]
[Round "5"]
[White "Limmer, Marco"]
[Black "Nönnig, Jakob"]
[Result "1/2-1/2"]
[Termination "normal"]
[Board "18"]
[WhiteElo "1774"]
[BlackElo "1736"]
[WhiteClock "00:24:24"]
[BlackClock "00:02:36"]
[PlyCount "129"]
[WhiteFideId "34603506"]
[BlackFideId "16289447"]
[EventCountry "GER"]
[EventRounds "9"]
[EventType "swiss"]
[EventDate "2023.05.27"]

1. Nf3 {[%clk 01:30:56]} {[%emt 00:00:03]} d5 {[%clk 01:30:53]} {[%emt
00:00:07]} 2. g3 {[%clk 01:31:15]} {[%emt 00:00:12]} Nc6 {[%clk 01:31:03]}
{[%emt 00:00:21]} 3. Bg2 {[%clk 01:31:21]} {[%emt 00:00:24]} e5 {[%clk
01:30:50]} {[%emt 00:00:43]} 4. d3 {[%clk 01:31:42]} {[%emt 00:00:10]} Nf6
{[%clk 01:29:41]} {[%emt 00:01:38]} 5. Nbd2 {[%clk 01:30:31]} {[%emt 00:01:40]}
Be6 {[%clk 01:24:30]} {[%emt 00:05:41]} 6. O-O {[%clk 01:28:16]} {[%emt
00:02:46]} Qd7 {[%clk 01:17:23]} {[%emt 00:07:37]} 7. Re1 {[%clk 01:21:06]}
{[%emt 00:07:40]} O-O-O {[%clk 01:15:21]} {[%emt 00:02:32]} 8. c3 {[%clk
01:15:45]} {[%emt 00:05:51]} d4 {[%clk 01:13:12]} {[%emt 00:02:38]} 9. c4
{[%clk 01:13:05]} {[%emt 00:03:11]} Ne8 {[%clk 00:59:59]} {[%emt 00:13:43]} 10.
a3 {[%clk 01:07:05]} {[%emt 00:06:32]} f6 {[%clk 00:58:33]} {[%emt 00:01:53]}
11. b4 {[%clk 01:02:27]} {[%emt 00:05:09]} Nb8 {[%clk 00:45:27]} {[%emt
00:13:37]} 12. Qc2 {[%clk 00:50:34]} {[%emt 00:12:24]} g5 {[%clk 00:39:08]}
{[%emt 00:06:48]} 13. h4 {[%clk 00:40:43]} {[%emt 00:10:21]} gxh4 {[%clk
00:35:11]} {[%emt 00:04:28]} 14. Nxh4 {[%clk 00:39:22]} {[%emt 00:01:51]} f5
{[%clk 00:31:13]} {[%emt 00:04:28]} 15. Ndf3 {[%clk 00:34:59]} {[%emt
00:04:52]} Qg7 {[%clk 00:23:52]} {[%emt 00:07:51]} 16. e3 {[%clk 00:28:58]}
{[%emt 00:06:31]} dxe3 {[%clk 00:06:44]} {[%emt 00:17:38]} 17. Bxe3 {[%clk
00:28:38]} {[%emt 00:00:51]} f4 {[%clk 00:06:39]} {[%emt 00:00:35]} 18. Bd4
exd4 {[%clk 00:05:49]} 19. Rxe6 {[%clk 00:18:30]} {[%emt 00:00:04]} fxg3 {[%clk
00:05:46]} {[%emt 00:00:33]} 20. Bh3 {[%clk 00:15:18]} {[%emt 00:03:41]} Nd7
{[%clk 00:05:35]} {[%emt 00:00:41]} 21. Qa4 {[%clk 00:13:52]} {[%emt 00:01:57]}
Kb8 {[%clk 00:04:15]} {[%emt 00:01:49]} 22. Nf5 {[%clk 00:12:23]} {[%emt
00:01:59]} gxf2+ {[%clk 00:04:43]} {[%emt 00:00:02]} 23. Kxf2 {[%clk 00:12:48]}
{[%emt 00:00:05]} Qf7 {[%clk 00:04:46]} {[%emt 00:00:27]} 24. Ng5 {[%clk
00:12:55]} {[%emt 00:00:23]} Qh5 {[%clk 00:04:57]} {[%emt 00:00:18]} 25. Rg1
{[%clk 00:12:11]} {[%emt 00:01:15]} h6 {[%clk 00:04:25]} {[%emt 00:01:02]} 26.
Nf3 {[%clk 00:12:09]} {[%emt 00:00:32]} Nb6 {[%clk 00:03:59]} {[%emt 00:00:57]}
27. Qb5 {[%clk 00:11:21]} {[%emt 00:01:19]} Ng7 {[%clk 00:00:35]} {[%emt
00:03:52]} 28. Bg4 {[%clk 00:10:28]} {[%emt 00:01:23]} Qf7 {[%clk 00:01:01]}
{[%emt 00:00:02]} 29. Rxh6 {[%clk 00:07:54]} {[%emt 00:03:08]} Rxh6 {[%clk
00:00:57]} {[%emt 00:00:33]} 30. Nxh6 {[%clk 00:08:16]} {[%emt 00:00:07]} Qf4
{[%clk 00:01:19]} {[%emt 00:00:09]} 31. Qg5 {[%clk 00:07:45]} {[%emt 00:01:00]}
Qxg5 {[%clk 00:00:41]} {[%emt 00:01:09]} 32. Nxg5 {[%clk 00:08:02]} {[%emt
00:00:13]} Be7 {[%clk 00:00:36]} {[%emt 00:00:34]} 33. Ngf7 {[%clk 00:05:56]}
{[%emt 00:02:36]} Rf8 {[%clk 00:00:48]} {[%emt 00:00:16]} 34. Ke2 {[%clk
00:06:11]} {[%emt 00:00:17]} Ne8 {[%clk 00:00:49]} {[%emt 00:00:28]} 35. Ne5
{[%clk 00:05:40]} {[%emt 00:01:01]} Nf6 {[%clk 00:00:37]} {[%emt 00:00:42]} 36.
Ng6 {[%clk 00:04:42]} {[%emt 00:01:28]} Re8 {[%clk 00:00:51]} {[%emt 00:00:16]}
37. Nxe7 {[%clk 00:04:44]} {[%emt 00:00:29]} Rxe7+ {[%clk 00:01:19]} {[%emt
00:00:01]} 38. Kd2 {[%clk 00:04:35]} {[%emt 00:00:39]} Nxg4 {[%clk 00:01:06]}
{[%emt 00:00:43]} 39. Rxg4 {[%clk 00:04:53]} {[%emt 00:00:12]} Rd7 {[%clk
00:00:55]} {[%emt 00:00:42]} 40. Nf5 {[%clk 00:05:14]} {[%emt 00:00:09]} c5
{[%clk 00:00:34]} {[%emt 00:00:50]} 41. bxc5 {[%clk 00:05:31]} {[%emt
00:00:13]} Na4 {[%clk 00:01:02]} {[%emt 00:00:03]} 42. Rxd4 {[%clk 00:05:17]}
{[%emt 00:00:44]} Rxd4 {[%clk 00:30:23]} {[%emt 00:01:08]} 43. Nxd4 {[%clk
00:35:27]} {[%emt 00:00:20]} Nxc5 {[%clk 00:30:51]} {[%emt 00:00:03]} 44. Kc3
{[%clk 00:35:30]} {[%emt 00:00:26]} a6 {[%clk 00:29:26]} {[%emt 00:01:55]} 45.
Nb3 {[%clk 00:35:46]} {[%emt 00:00:16]} Nd7 {[%clk 00:27:22]} {[%emt 00:02:31]}
46. d4 {[%clk 00:32:07]} {[%emt 00:04:10]} Kc7 {[%clk 00:14:12]} {[%emt
00:13:39]} 47. d5 {[%clk 00:30:29]} {[%emt 00:02:09]} b6 {[%clk 00:12:24]}
{[%emt 00:02:18]} 48. Kd4 {[%clk 00:30:39]} {[%emt 00:00:20]} Kd6 {[%clk
00:12:44]} {[%emt 00:00:10]} 49. Nd2 {[%clk 00:29:51]} {[%emt 00:01:18]} Kc7
{[%clk 00:09:59]} {[%emt 00:03:14]} 50. Ne4 {[%clk 00:29:57]} {[%emt 00:00:25]}
Kc8 {[%clk 00:08:13]} {[%emt 00:02:14]} 51. d6 {[%clk 00:29:05]} {[%emt
00:01:23]} Nb8 {[%clk 00:07:17]} {[%emt 00:01:26]} 52. Kd5 {[%clk 00:28:58]}
{[%emt 00:00:38]} Kd7 {[%clk 00:05:53]} {[%emt 00:01:53]} 53. Nf6+ {[%clk
00:28:06]} {[%emt 00:01:23]} Kc8 {[%clk 00:05:37]} {[%emt 00:00:45]} 54. Ke6
{[%clk 00:27:38]} {[%emt 00:01:00]} Kd8 {[%clk 00:05:20]} {[%emt 00:00:47]} 55.
d7 {[%clk 00:25:02]} {[%emt 00:03:07]} Nc6 {[%clk 00:04:33]} {[%emt 00:01:15]}
56. Nd5 {[%clk 00:24:37]} {[%emt 00:00:56]} Nd4+ {[%clk 00:02:08]} {[%emt
00:02:56]} 57. Kd6 {[%clk 00:24:50]} {[%emt 00:00:17]} b5 {[%clk 00:01:32]}
{[%emt 00:01:06]} 58. c5 {[%clk 00:23:35]} {[%emt 00:01:43]} Nf5+ {[%clk
00:00:52]} {[%emt 00:01:10]} 59. Ke5 {[%clk 00:23:32]} {[%emt 00:00:34]} Kxd7
{[%clk 00:01:04]} {[%emt 00:00:18]} 60. Kxf5 {[%clk 00:23:49]} {[%emt
00:00:15]} Kc6 {[%clk 00:01:31]} {[%emt 00:00:02]} 61. Nb4+ {[%clk 00:23:31]}
{[%emt 00:00:47]} Kxc5 {[%clk 00:01:41]} {[%emt 00:00:20]} 62. Nxa6+ {[%clk
00:23:52]} {[%emt 00:00:10]} Kc4 {[%clk 00:01:52]} {[%emt 00:00:17]} 63. Nc7
{[%clk 00:23:59]} {[%emt 00:00:24]} Kb3 {[%clk 00:02:12]} {[%emt 00:00:11]} 64.
Nxb5 {[%clk 00:24:24]} {[%emt 00:00:05]} Ka4 {[%clk 00:02:36]} {[%emt
00:00:07]} 65. Ke4 {[%emt 00:00:07]} 1/2-1/2

[Event "DEM U14 2023"]
[Site "Willingen GER"]
[Date "2023.05.31"]
[Round "5"]
[White "Uyar, Levin"]
[Black "Birkenheier, Nicolas"]
[Result "0-1"]
[Termination "normal"]
[Board "19"]
[WhiteElo "1700"]
[BlackElo "1550"]
[WhiteClock "00:30:30"]
[BlackClock "00:03:22"]
[PlyCount "75"]
[WhiteFideId "16282108"]
[BlackFideId "16287100"]
[EventCountry "GER"]
[EventRounds "9"]
[EventType "swiss"]
[EventDate "2023.05.27"]

1. e4 {[%clk 01:30:56]} {[%emt 00:00:02]} e5 {[%clk 01:30:47]} {[%emt
00:00:13]} 2. Nf3 {[%clk 01:31:22]} {[%emt 00:00:05]} Nc6 {[%clk 01:31:10]}
{[%emt 00:00:07]} 3. Bb5 {[%clk 01:31:46]} {[%emt 00:00:05]} a6 {[%clk
01:31:23]} {[%emt 00:00:17]} 4. Ba4 {[%clk 01:32:12]} {[%emt 00:00:05]} Nf6
{[%clk 01:31:22]} {[%emt 00:00:31]} 5. d4 {[%clk 01:32:15]} {[%emt 00:00:27]}
exd4 {[%clk 01:30:53]} {[%emt 00:00:58]} 6. O-O {[%clk 01:32:28]} {[%emt
00:00:16]} Be7 {[%clk 01:30:46]} {[%emt 00:00:38]} 7. Re1 {[%clk 01:31:10]}
{[%emt 00:01:48]} b5 {[%clk 01:27:36]} {[%emt 00:03:41]} 8. Bb3 {[%clk
01:24:28]} {[%emt 00:07:12]} d6 {[%clk 01:24:12]} {[%emt 00:03:52]} 9. Bd5
{[%clk 01:20:42]} {[%emt 00:04:16]} Nxd5 {[%clk 01:19:37]} {[%emt 00:05:06]}
10. exd5 {[%clk 01:21:03]} {[%emt 00:00:09]} Ne5 {[%clk 01:13:45]} {[%emt
00:06:21]} 11. Nxd4 {[%clk 01:15:24]} {[%emt 00:06:09]} O-O {[%clk 01:03:57]}
{[%emt 00:10:18]} 12. h3 {[%clk 00:57:12]} {[%emt 00:18:42]} Bf6 {[%clk
00:53:31]} {[%emt 00:10:56]} 13. Nc3 {[%clk 00:54:01]} {[%emt 00:03:41]} Bd7
{[%clk 00:48:06]} {[%emt 00:05:49]} 14. Ne4 {[%clk 00:48:39]} {[%emt 00:05:58]}
Nc4 {[%clk 00:45:24]} {[%emt 00:03:12]} 15. c3 {[%clk 00:41:08]} {[%emt
00:08:02]} Re8 {[%clk 00:40:56]} {[%emt 00:04:57]} 16. Nf3 {[%clk 00:37:00]}
{[%emt 00:04:37]} h6 {[%clk 00:30:54]} {[%emt 00:10:32]} 17. Qd3 {[%clk
00:30:51]} {[%emt 00:06:39]} Bf5 {[%clk 00:27:52]} {[%emt 00:03:33]} 18. Nd4
{[%clk 00:28:51]} {[%emt 00:02:30]} Bxd4 {[%clk 00:11:33]} {[%emt 00:16:50]}
19. Qxd4 {[%clk 00:26:37]} {[%emt 00:02:44]} Qh4 {[%clk 00:11:05]} {[%emt
00:00:58]} 20. Bf4 {[%clk 00:16:32]} {[%emt 00:10:35]} Bxe4 {[%clk 00:08:46]}
{[%emt 00:02:50]} 21. Bg3 {[%clk 00:15:04]} {[%emt 00:01:57]} Qe7 {[%clk
00:07:53]} {[%emt 00:01:23]} 22. Re2 {[%clk 00:10:43]} {[%emt 00:04:52]} f5
{[%clk 00:07:15]} {[%emt 00:01:06]} 23. Rae1 {[%clk 00:09:45]} {[%emt
00:01:29]} Kh7 {[%clk 00:05:49]} {[%emt 00:01:55]} 24. Bf4 {[%clk 00:07:53]}
{[%emt 00:02:22]} Qh4 {[%clk 00:05:41]} {[%emt 00:00:38]} 25. Bh2 {[%clk
00:04:51]} {[%emt 00:03:33]} Qg5 {[%clk 00:05:36]} {[%emt 00:00:35]} 26. g4
{[%clk 00:01:35]} {[%emt 00:03:46]} Ne5 {[%clk 00:02:52]} {[%emt 00:03:14]} 27.
Bxe5 {[%emt 00:01:52]} dxe5 {[%clk 00:03:03]} 28. Qe3 {[%clk 00:00:31]} {[%emt
00:00:31]} Qxe3 {[%clk 00:02:56]} {[%emt 00:00:37]} 29. Rxe3 {[%clk 00:00:53]}
{[%emt 00:00:08]} Bxd5 {[%clk 00:03:00]} {[%emt 00:00:25]} 30. Rxe5 {[%clk
00:01:13]} {[%emt 00:00:11]} Rxe5 {[%clk 00:03:10]} {[%emt 00:00:19]} 31. Rxe5
{[%clk 00:01:39]} {[%emt 00:00:04]} Bxa2 {[%clk 00:03:16]} {[%emt 00:00:23]}
32. gxf5 {[%clk 00:01:54]} {[%emt 00:00:15]} Rf8 {[%clk 00:02:59]} {[%emt
00:00:46]} 33. Re7 {[%clk 00:01:51]} {[%emt 00:00:34]} c5 {[%clk 00:03:03]}
{[%emt 00:00:26]} 34. Ra7 {[%clk 00:02:11]} {[%emt 00:00:10]} Rf6 {[%clk
00:03:17]} {[%emt 00:00:16]} 35. Kg2 {[%clk 00:01:59]} {[%emt 00:00:43]} Bb1
{[%clk 00:03:34]} {[%emt 00:00:13]} 36. Kg3 {[%clk 00:00:31]} {[%emt 00:01:59]}
Bxf5 {[%clk 00:03:53]} {[%emt 00:00:10]} 37. f4 {[%clk 00:00:31]} {[%emt
00:00:29]} Rd6 {[%clk 00:03:22]} {[%emt 00:01:00]} 38. b4 {[%clk 00:30:30]}
{[%emt 00:00:33]} 0-1

[Event "DEM U14 2023"]
[Site "Willingen GER"]
[Date "2023.05.31"]
[Round "5"]
[White "Zomartova, Ilya"]
[Black "Torosyan, Bagrat"]
[Result "1/2-1/2"]
[Termination "normal"]
[Board "20"]
[WhiteElo "1672"]
[BlackElo "1973"]
[WhiteClock "01:11:02"]
[BlackClock "00:07:16"]
[PlyCount "149"]
[WhiteFideId "13630946"]
[BlackFideId "16258134"]
[EventCountry "GER"]
[EventRounds "9"]
[EventType "swiss"]
[EventDate "2023.05.27"]

1. d4 {[%clk 01:30:56]} {[%emt 00:00:03]} Nf6 {[%clk 01:30:56]} {[%emt
00:00:06]} 2. c4 {[%clk 01:31:15]} {[%emt 00:00:11]} g6 {[%clk 01:31:21]}
{[%emt 00:00:04]} 3. Nc3 {[%clk 01:31:29]} {[%emt 00:00:17]} Bg7 {[%clk
01:31:46]} {[%emt 00:00:04]} 4. e4 {[%clk 01:31:50]} {[%emt 00:00:09]} d6
{[%clk 01:32:12]} {[%emt 00:00:04]} 5. f3 {[%clk 01:32:12]} {[%emt 00:00:08]}
O-O {[%clk 01:32:38]} {[%emt 00:00:06]} 6. Be3 {[%clk 01:32:36]} {[%emt
00:00:04]} c5 {[%clk 01:33:01]} {[%emt 00:00:08]} 7. dxc5 {[%clk 01:32:38]}
{[%emt 00:00:28]} dxc5 {[%clk 01:33:26]} {[%emt 00:00:06]} 8. Qxd8 {[%clk
01:32:51]} {[%emt 00:00:16]} Rxd8 {[%clk 01:33:53]} {[%emt 00:00:02]} 9. Bxc5
{[%clk 01:33:12]} {[%emt 00:00:09]} Nc6 {[%clk 01:34:16]} {[%emt 00:00:08]} 10.
Nge2 {[%clk 01:33:26]} {[%emt 00:00:15]} Nd7 {[%clk 01:28:26]} {[%emt
00:06:20]} 11. Bf2 {[%clk 01:32:50]} {[%emt 00:01:06]} Nde5 {[%clk 01:26:57]}
{[%emt 00:01:59]} 12. Nf4 {[%clk 01:28:01]} {[%emt 00:05:18]} b6 {[%clk
01:16:17]} {[%emt 00:11:11]} 13. Nfd5 {[%clk 01:25:43]} {[%emt 00:02:48]} e6
{[%clk 01:13:48]} {[%emt 00:02:59]} 14. Nc7 {[%clk 01:25:41]} {[%emt 00:00:32]}
Nb4 {[%clk 01:13:56]} {[%emt 00:00:23]} 15. Rd1 {[%clk 01:25:07]} {[%emt
00:01:04]} Rxd1+ {[%clk 01:14:19]} {[%emt 00:00:06]} 16. Kxd1 {[%clk 01:25:32]}
{[%emt 00:00:05]} Rb8 {[%clk 01:14:34]} {[%emt 00:00:14]} 17. Bh4 {[%clk
01:24:54]} {[%emt 00:01:08]} Rb7 {[%clk 01:09:55]} {[%emt 00:05:10]} 18. Ne8
{[%clk 01:24:47]} {[%emt 00:00:38]} Rd7+ {[%clk 01:10:11]} {[%emt 00:00:12]}
19. Kc1 {[%clk 01:20:58]} {[%emt 00:04:20]} Ba6 {[%clk 01:07:41]} {[%emt
00:02:58]} 20. Nxg7 {[%clk 01:18:02]} {[%emt 00:03:27]} Kxg7 {[%clk 01:08:09]}
{[%emt 00:00:03]} 21. b3 {[%clk 01:17:10]} {[%emt 00:01:21]} Ned3+ {[%clk
00:45:51]} {[%emt 00:22:48]} 22. Bxd3 {[%clk 01:11:37]} {[%emt 00:06:03]} Rxd3
{[%clk 00:46:12]} {[%emt 00:00:10]} 23. Be1 {[%clk 01:11:57]} {[%emt 00:00:08]}
f5 {[%clk 00:43:13]} {[%emt 00:03:31]} 24. a3 {[%clk 01:08:28]} {[%emt
00:03:59]} Nc6 {[%clk 00:43:02]} {[%emt 00:00:40]} 25. Kc2 {[%clk 01:08:30]}
{[%emt 00:00:28]} Rd7 {[%clk 00:43:18]} {[%emt 00:00:13]} 26. Bf2 {[%clk
01:08:28]} {[%emt 00:00:35]} Kf6 {[%clk 00:39:17]} {[%emt 00:04:29]} 27. Rd1
{[%clk 01:05:32]} {[%emt 00:03:26]} Rxd1 {[%clk 00:39:38]} {[%emt 00:00:09]}
28. Kxd1 {[%clk 01:05:49]} {[%emt 00:00:13]} Ke5 {[%clk 00:37:51]} {[%emt
00:02:16]} 29. Kd2 {[%clk 01:05:00]} {[%emt 00:01:20]} g5 {[%clk 00:32:02]}
{[%emt 00:06:18]} 30. exf5 {[%clk 01:01:50]} {[%emt 00:03:40]} exf5 {[%clk
00:32:13]} {[%emt 00:00:20]} 31. Ne2 {[%clk 01:01:51]} {[%emt 00:00:28]} Bb7
{[%clk 00:31:28]} {[%emt 00:01:16]} 32. Kd3 {[%clk 01:00:21]} {[%emt 00:02:01]}
f4 {[%clk 00:25:26]} {[%emt 00:06:31]} 33. b4 {[%clk 00:56:05]} {[%emt
00:04:47]} Kf5 {[%clk 00:24:58]} {[%emt 00:00:56]} 34. Nd4+ {[%clk 00:52:01]}
{[%emt 00:04:36]} Nxd4 {[%clk 00:25:13]} {[%emt 00:00:14]} 35. Kxd4 {[%clk
00:52:23]} {[%emt 00:00:08]} g4 {[%clk 00:25:26]} {[%emt 00:00:17]} 36. fxg4+
{[%clk 00:52:35]} {[%emt 00:00:17]} Kxg4 {[%clk 00:25:46]} {[%emt 00:00:11]}
37. h3 {[%clk 00:52:54]} {[%emt 00:00:11]} Kf5 {[%clk 00:26:00]} {[%emt
00:00:16]} 38. g3 {[%clk 00:53:12]} {[%emt 00:00:12]} f3 {[%clk 00:26:16]}
{[%emt 00:00:15]} 39. a4 {[%clk 00:51:14]} {[%emt 00:02:28]} Bc6 {[%clk
00:18:10]} {[%emt 00:08:34]} 40. b5 {[%clk 00:50:33]} {[%emt 00:01:12]} Bb7
{[%clk 00:18:15]} {[%emt 00:00:25]} 41. Kd3 {[%clk 00:48:05]} {[%emt 00:02:58]}
Be4+ {[%clk 00:15:11]} {[%emt 00:03:34]} 42. Kc3 {[%clk 00:48:15]} {[%emt
00:00:19]} Bb7 {[%clk 00:15:19]} {[%emt 00:00:22]} 43. a5 {[%clk 00:48:06]}
{[%emt 00:00:41]} bxa5 {[%clk 00:14:46]} {[%emt 00:01:02]} 44. Bxa7 {[%clk
00:48:25]} {[%emt 00:00:10]} Ke4 {[%clk 00:13:30]} {[%emt 00:01:46]} 45. Bf2
{[%clk 00:48:33]} {[%emt 00:00:22]} Bc8 {[%clk 00:12:51]} {[%emt 00:01:09]} 46.
g4 {[%clk 00:48:01]} {[%emt 00:01:01]} Bd7 {[%clk 00:12:05]} {[%emt 00:01:16]}
47. Bg1 {[%clk 00:43:16]} {[%emt 00:05:16]} a4 {[%clk 00:03:12]} {[%emt
00:09:23]} 48. Bf2 {[%clk 00:41:16]} {[%emt 00:02:29]} a3 {[%clk 00:02:46]}
{[%emt 00:00:56]} 49. Kb3 {[%clk 00:41:26]} {[%emt 00:00:21]} Kd3 {[%clk
00:03:06]} {[%emt 00:00:10]} 50. Kxa3 {[%clk 00:41:37]} {[%emt 00:00:19]} Kxc4
{[%clk 00:02:57]} {[%emt 00:00:39]} 51. b6 {[%clk 00:41:57]} {[%emt 00:00:10]}
Bc6 {[%clk 00:27:25]} {[%emt 00:06:01]} 52. g5 {[%clk 01:12:10]} {[%emt
00:00:18]} Kd5 {[%clk 00:17:57]} {[%emt 00:09:56]} 53. Kb4 {[%clk 01:12:29]}
{[%emt 00:00:13]} Ke5 {[%clk 00:15:17]} {[%emt 00:03:09]} 54. Kc4 {[%clk
01:12:36]} {[%emt 00:00:24]} Bb7 {[%clk 00:13:23]} {[%emt 00:02:24]} 55. h4
{[%clk 01:12:58]} {[%emt 00:00:09]} Ke4 {[%clk 00:11:51]} {[%emt 00:02:01]} 56.
Kc5 {[%clk 01:13:03]} {[%emt 00:00:25]} Ke5 {[%clk 00:11:59]} {[%emt 00:00:21]}
57. Kc4 {[%clk 01:12:31]} {[%emt 00:01:03]} Ke4 {[%clk 00:12:13]} {[%emt
00:00:16]} 58. Bg3 {[%clk 01:12:30]} {[%emt 00:00:32]} Kf5 {[%clk 00:11:21]}
{[%emt 00:01:21]} 59. Kd4 {[%clk 01:12:35]} {[%emt 00:00:24]} Ke6 {[%clk
00:11:27]} {[%emt 00:00:21]} 60. Ke3 {[%clk 01:12:05]} {[%emt 00:01:05]} Kf5
{[%clk 00:11:19]} {[%emt 00:00:36]} 61. Bf2 {[%clk 01:11:49]} {[%emt 00:00:46]}
Ke5 {[%clk 00:10:37]} {[%emt 00:01:11]} 62. Bg3+ {[%clk 01:11:53]} {[%emt
00:00:26]} Kf5 {[%clk 00:10:47]} {[%emt 00:00:19]} 63. Kd4 {[%clk 01:12:01]}
{[%emt 00:00:23]} Ba8 {[%clk 00:09:15]} {[%emt 00:02:02]} 64. Kc5 {[%clk
01:12:20]} {[%emt 00:00:13]} Ke6 {[%clk 00:09:39]} {[%emt 00:00:04]} 65. Bf2
{[%clk 01:12:25]} {[%emt 00:00:26]} Be4 {[%clk 00:08:11]} {[%emt 00:01:56]} 66.
Be3 {[%clk 01:12:20]} {[%emt 00:00:36]} Bb7 {[%clk 00:07:15]} {[%emt 00:01:26]}
67. h5 {[%clk 01:12:30]} {[%emt 00:00:22]} Be4 {[%clk 00:05:21]} {[%emt
00:02:23]} 68. h6 {[%clk 01:12:15]} {[%emt 00:00:45]} Kd7 {[%clk 00:05:21]}
{[%emt 00:00:28]} 69. Kb5 {[%clk 01:11:20]} {[%emt 00:01:26]} Bd3+ {[%clk
00:05:44]} {[%emt 00:00:07]} 70. Kc5 {[%clk 01:09:51]} {[%emt 00:01:59]} Kc8
{[%clk 00:05:44]} {[%emt 00:00:29]} 71. Kd5 {[%clk 01:09:50]} {[%emt 00:00:32]}
Kb7 {[%clk 00:06:04]} {[%emt 00:00:09]} 72. Ke5 {[%clk 01:10:12]} {[%emt
00:00:09]} Bb1 {[%clk 00:06:23]} {[%emt 00:00:10]} 73. Kf4 {[%clk 01:10:25]}
{[%emt 00:00:17]} Bc2 {[%clk 00:06:48]} {[%emt 00:00:06]} 74. Kxf3 {[%clk
01:10:49]} {[%emt 00:00:06]} Bb1 {[%clk 00:07:16]} {[%emt 00:00:02]} 75. Kf4
{[%clk 01:11:02]} {[%emt 00:00:16]} 1/2-1/2

[Event "DEM U14 2023"]
[Site "Willingen GER"]
[Date "2023.05.31"]
[Round "5"]
[White "Wylie, Leonard"]
[Black "Li, Luxuan"]
[Result "1-0"]
[Termination "normal"]
[Board "21"]
[WhiteElo "1546"]
[BlackElo "1403"]
[WhiteClock "00:59:52"]
[BlackClock "00:10:25"]
[PlyCount "62"]
[WhiteFideId "479616"]
[BlackFideId "34617507"]
[EventCountry "GER"]
[EventRounds "9"]
[EventType "swiss"]
[EventDate "2023.05.27"]

1. e4 {[%clk 01:30:58]} {[%emt 00:00:02]} e5 {[%clk 01:30:56]} {[%emt
00:00:06]} 2. Nf3 {[%clk 01:31:25]} {[%emt 00:00:02]} Nc6 {[%clk 01:31:21]}
{[%emt 00:00:05]} 3. d4 {[%clk 01:31:52]} {[%emt 00:00:03]} exd4 {[%clk
01:31:41]} {[%emt 00:00:10]} 4. Nxd4 {[%clk 01:32:17]} {[%emt 00:00:04]} Bc5
{[%clk 01:31:59]} {[%emt 00:00:13]} 5. Nb3 {[%clk 01:32:34]} {[%emt 00:00:13]}
Bb6 {[%clk 01:32:07]} {[%emt 00:00:22]} 6. Nc3 {[%clk 01:32:57]} {[%emt
00:00:08]} d6 {[%clk 01:31:15]} {[%emt 00:01:21]} 7. Qe2 {[%clk 01:32:52]}
{[%emt 00:00:33]} Nge7 {[%clk 01:30:04]} {[%emt 00:01:42]} 8. Be3 {[%emt
00:00:13]} O-O {[%clk 01:26:41]} {[%emt 00:03:52]} 9. O-O-O {[%clk 01:32:45]}
{[%emt 00:00:55]} Bxe3+ {[%clk 01:26:09]} {[%emt 00:01:01]} 10. Qxe3 {[%clk
01:33:05]} {[%emt 00:00:10]} a5 {[%clk 01:25:54]} {[%emt 00:00:45]} 11. a4
{[%clk 01:32:52]} {[%emt 00:00:43]} Ng6 {[%clk 01:24:24]} {[%emt 00:01:59]} 12.
h3 {[%clk 01:32:23]} {[%emt 00:00:56]} Re8 {[%clk 01:22:52]} {[%emt 00:02:09]}
13. g4 {[%clk 01:32:06]} {[%emt 00:00:44]} Nb4 {[%clk 01:18:29]} {[%emt
00:04:53]} 14. f4 {[%clk 01:27:02]} {[%emt 00:05:33]} Qf6 {[%clk 01:15:30]}
{[%emt 00:03:29]} 15. f5 {[%clk 01:25:25]} {[%emt 00:02:08]} Nf8 {[%clk
01:14:16]} {[%emt 00:01:44]} 16. Qd2 {[%clk 01:25:02]} {[%emt 00:00:50]} h6
{[%clk 01:12:01]} {[%emt 00:02:47]} 17. h4 {[%clk 01:23:45]} {[%emt 00:01:46]}
Nh7 {[%clk 01:08:15]} {[%emt 00:04:17]} 18. Bc4 {[%clk 01:22:11]} {[%emt
00:02:06]} Bd7 {[%clk 01:04:51]} {[%emt 00:03:54]} 19. Rdg1 {[%clk 01:21:16]}
{[%emt 00:01:21]} g5 {[%clk 00:59:41]} {[%emt 00:05:43]} 20. fxg6 {[%clk
01:19:20]} {[%emt 00:02:27]} Qxg6 {[%clk 00:58:27]} {[%emt 00:01:44]} 21. g5
{[%clk 01:12:16]} {[%emt 00:07:33]} h5 {[%clk 00:56:37]} {[%emt 00:02:21]} 22.
Nd4 {[%clk 01:08:37]} {[%emt 00:04:09]} Nc6 {[%clk 00:48:14]} {[%emt 00:08:53]}
23. Nf5 {[%clk 01:08:09]} {[%emt 00:00:57]} Ne5 {[%clk 00:45:50]} {[%emt
00:02:53]} 24. Be2 {[%clk 01:05:33]} {[%emt 00:03:06]} Be6 {[%clk 00:33:19]}
{[%emt 00:13:03]} 25. Ng3 {[%clk 01:02:20]} {[%emt 00:03:43]} Bg4 {[%clk
00:30:55]} {[%emt 00:02:53]} 26. Nd5 {[%clk 01:00:19]} {[%emt 00:02:31]} Nf3
{[%clk 00:23:47]} {[%emt 00:07:38]} 27. Bxf3 {[%clk 01:00:19]} {[%emt
00:00:30]} Bxf3 {[%clk 00:23:46]} {[%emt 00:00:31]} 28. Nf5 {[%clk 01:00:41]}
{[%emt 00:00:08]} Qe6 {[%clk 00:14:39]} {[%emt 00:09:38]} 29. Qc3 {[%clk
01:00:17]} {[%emt 00:00:50]} Qxf5 {[%clk 00:14:09]} {[%emt 00:01:03]} 30. exf5
{[%clk 00:59:49]} {[%emt 00:00:58]} Bxd5 {[%clk 00:14:25]} {[%emt 00:00:13]}
31. g6 {[%clk 00:59:52]} {[%emt 00:00:28]} Re5 {[%clk 00:10:25]} {[%emt
00:04:30]} 1-0